| 000 | 01372nac a22005057a 4500 | ||
|---|---|---|---|
| 001 | BR0402974 | ||
| 003 | BR-BrBNA | ||
| 005 | 20240105123016.0 | ||
| 008 | 230509b bl.|||m| |||| 00| 0 por d | ||
| 040 |
_aBR-BrBNA _bpor _cBiblioteca Nacional de Agricultura |
||
| 072 | _aH20 | ||
| 090 | _a0336 BR0402974 | ||
| 100 | 1 | _aAlmeida, A.M.R. | |
| 100 | 1 | _aPiuga, F.F. | |
| 100 | 1 | _aKitajima, E.W. | |
| 100 | 1 | _aGaspar, J.O. | |
| 100 | 1 | _aValentin, N. | |
| 100 | 1 | _aBenato, L.C. | |
| 100 | 1 | _aMarin, S.R.R. | |
| 100 | 1 | _aBinneck, E. | |
| 100 | 1 | _aOliveira, T.G. de | |
| 100 | 1 | _aBelintani, P. | |
| 100 | 1 | _aGuerzoni, R.A. | |
| 100 | 1 | _aNunes Júnior, J. | |
| 100 | 1 | _aHoffmann, L. | |
| 100 | 1 | _aNora, P.S. | |
| 100 | 1 | _aNepomuceno, A.L. | |
| 100 | 1 | _aMeyer, M.C. | |
| 100 | 1 | _aAlmeida, L.A. | |
| 110 | 1 | _aEMBRAPA Soja, Londrina, PR (Brasil) | |
| 245 | 1 | _aNecrose da haste da soja | |
| 260 | 3 |
_aLondrina, PR (Brasil): _c2003. |
|
| 300 | _a44 p. | ||
| 490 |
_aDocumentos - EMBRAPA Soja (Brazil) _vno. 221 _xISSN 1516-781X |
||
| 500 | _aSummaries (En, Pt); 17 illus.; 37 ref. | ||
| 650 | _aSOJA | ||
| 650 | _aCAULE | ||
| 650 | _aNECROSE | ||
| 650 | _aVÍRUS | ||
| 650 | _aCONTROLE QUÍMICO | ||
| 650 | _aINSETICIDA | ||
| 650 | _aVARIEDADE RESISTENTE | ||
| 909 |
_a202312 _bLúcia Elande _c55 _dLúcia Elande |
||
| 942 |
_2AGRIS _n0 _cMS |
||
| 999 |
_c293620 _d293620 |
||